| 000 | 01032nas a2200253Ia 4500 | ||
|---|---|---|---|
| 001 | R142/G5623 | ||
| 003 | IT-RoPAU | ||
| 008 | 151124c99999999xx |||||||||||| ||und|| | ||
| 040 | _aIT-RoPAU | ||
| 040 | _cIT-RoPAU | ||
| 041 | _aFRANCESE | ||
| 100 |
_aDahlgren Peter _gCodice Aut. SPICS: 38333 |
||
| 210 | _aRESEAUX | ||
| 222 | _aReseaux | ||
| 245 |
_aRESEAUX, N.100 (MARZO/APRILE 2000) _bEspace Public Et L'Internet (L'): Structure, Espace Et Communication |
||
| 250 | _a1a ed. | ||
| 260 |
_aPARIS _bHERMES _c2000 |
||
| 501 |
_bPaulus - SPICS - Società San Paolo EM (non-commercial uses only) _cCopyright2015 |
||
| 300 | _a30 p. [157-186] | ||
| 362 | _aN.100 (MARZO/APRILE 2000) | ||
| 500 | _aSpazio Pubblico e Internet: Struttura, Spazio e Comunicazione. Spazio Pubblico Rivisitato. Strutture Necessarie. Frontiere Spaziali. Azione Comunicativa. Media Multimodale. Speranze Suscitate Dalla Rete. Spazi On Line e Comunicazione. Rete e Spazio Pubbli | ||
| 650 |
_aCOMUNICAZIONE _vPUBBLICAZIONE PERIODICA |
||
| 942 | _cCR | ||
| 999 |
_c195048 _d195048 |
||